000 00646nam a2200277Ia 4500
005 20260324135526.0
008 008 260324s9999 xx 000 0 eng d
020 _a9781315845494
037 _aEBOOK
040 _aCRL
040 _beng
040 _cCRL
041 _2eng
041 _aeng
084 _qCRL
100 _aMartin Blinkhorn
_91185626
245 0 _aFascism and the Right in Europe 1919-1945
260 _bTaylor and Francis
260 _c2000
365 _a
365 _b230
856 _uhttp://www.taylorfrancis.com/books/9781315845494
942 _cEBOOK
999 _c1802083
_d1802083